000
00232 a2200097 4500
001
24169
100
_a
Brown, R.G
245
_a
Statistical forecasting for inventory control
260
_a
_b
McGraw-Hill
_c
1959
090
_c
16361
_d
16361
942
_a
NUST-CAE
_c
M
_c
7071
999
_c
259242
_d
259242